Score 0/70 Timer 01:30
54 Plays Today
Hint Color or Shape % Correct
OC.gif-43???
80.5%
PT.gif-42???
80.5%
OC.gif-49???
80.5%
OC.gif-12???
80.4%
OC.gif-19???
80.4%
GT.gif-10???
80.4%
PT.gif-68???
80.4%
GT.gif-41???
80.3%
OC.gif-57???
80.3%
GT.gif-66???
80.3%
PT.gif-56???
80.2%
GT.gif-18???
80.2%
PS.gif-9???
80.2%
PS.gif-40???
80.2%
GT.gif-16???
80.2%
PT.gif-65???
80.2%
GT.gif-5???
80.2%
GT.gif-46???
80.1%
PS.gif-61???
80.1%
PS.gif-64???
80.1%
GT.gif-45???
80%
PC.gif-67???
80%
OC.gif-70???
80%
PC.gif-69???
79.9%
GS.gif-25???
79.9%
GT.gif-58???
79.9%
PS.gif-29???
79.8%
BT.gif-59???
79.8%
OT.gif-11???
79.7%
OT.gif-24???
79.7%
PC.gif-48???
79.7%
GS.gif-23???
79.6%
OT.gif-34???
79.6%
PC.gif-60???
79.6%
OS.gif-35???
79.6%
Hint Color or Shape % Correct
BT.gif-47???
79.6%
PC.gif-50???
79.5%
PC.gif-44???
79.5%
PH.gif-7???
79.4%
BC.gif-55???
79.4%
PH.gif-38???
79.4%
WT.gif-2???
79.3%
BS.gif-63???
79.3%
GC.gif-15???
79.3%
PH.gif-3???
79.2%
GC.gif-37???
79.1%
OH.gif-53???
79%
GC.gif-22???
79%
GC.gif-6???
79%
OH.gif-33???
79%
OH.gif-21???
78.9%
OH.gif-39???
78.9%
GH.gif-52???
78.7%
BH.gif-51???
78.3%
BH.gif-13???
78.1%
WC.gif-20???
78.1%
WC.gif-17???
78%
WC.gif-32???
78%
WH.gif-1???
77.9%
WH.gif-30???
77.8%
WH.gif-62???
77.7%
WH.gif-54???
77.7%
WH.gif-36???
77.6%
WH.gif-31???
77.5%
PD.gif-4???
73.2%
PD.gif-28???
72.9%
GD.gif-8???
72.4%
GD.gif-26???
72%
WD.gif-27???
69.4%
WD.gif-14???
69.3%

You're not logged in!

Compare scores with friends on all Sporcle quizzes.
OR
Log In

Sporcle TV

Today on Sporcle TV


Watch our educational content, quiz creation guides, and fun videos on Sporcle TV.

Show Comments

Extras

Top Quizzes Today


Score Distribution

Your Account Isn't Verified!

In order to create a playlist on Sporcle, you need to verify the email address you used during registration. Go to your Sporcle Settings to finish the process.

Report this User

Report this user for behavior that violates our Community Guidelines.

Details: